Rozpoznaj ptaka w Polsce po zdjęciu - Statystyki

Ogólne statystyki
  • Ten quiz został rozwiązany 1 470 razy
    1 456 od ostatniego zresetowania
  • Średni wynik to 8 z 16
Statystyki odpowiedzi
Obrazkowy Odpowiedź % Poprawnych
Łabędź
93%
Gołąb
92%
Wróbel
92%
Dzięcioł
88%
Gil
79%
Dudek
78%
Orzeł bielik
61%
Kawka
55%
Sójka
50%
Sikora modraszka
40%
Rudzik
37%
Zięba
21%
Szczygieł
18%
Grubodziób
15%
Dzwoniec
11%
Gąsiorek
8%
Nie znaleziono quizów pasujących do podanych kryteriów
Rozkład punktacji
Procent ludzi z każdym wynikiem
Percentyl według liczby udzielonych odpowiedzi
Twoja historia wyników
Nie rozwiązałeś tego quizu od ostatniego zresetowania